Stop Allergies From Ruining Your Life (Record no. 11050)

MARC details
000 -LEADER
fixed length control field 00842nam a22001097a 4500
008 - FIXED-LENGTH DATA ELEMENTS--GENERAL INFORMATION
fixed length control field 180808b ||||| |||| 00| 0 eng d
020 ## - INTERNATIONAL STANDARD BOOK NUMBER
International Standard Book Number 9781841882734
100 ## - MAIN ENTRY--PERSONAL NAME
Personal name Dilkes, Dr Mike
9 (RLIN) 6832
245 ## - TITLE STATEMENT
Title Stop Allergies From Ruining Your Life
Remainder of title The Easy Way
260 ## - PUBLICATION, DISTRIBUTION, ETC. (IMPRINT)
Place of publication, distribution, etc. London
Name of publisher, distributor, etc. Orion Spring Publication
Date of publication, distribution, etc. 2018
500 ## - GENERAL NOTE
Materials specified Many of us are affected by allergies, from the dreaded hayfever - the scourge of the summer - to much talked-about food allergies such as lactose and gluten. Dr Mike Dilkes, one of Harley Street's top Consultant ENT Surgeons, reveals his top tips for living with and treating an allergy.
General note Many of us are affected by allergies, from the dreaded hayfever - the scourge of the summer - to much talked-about food allergies such as lactose and gluten. Dr Mike Dilkes, one of Harley Street's top Consultant ENT Surgeons, reveals his
Holdings
Withdrawn status Lost status Source of classification or shelving scheme Damaged status Koha normalized classification for sorting Not for loan Home library Current library Shelving location Date acquired Total Checkouts Full call number Barcode Date last seen Date last checked out Price effective from Koha item type
    Dewey Decimal Classification   DIL_610_000000000000000   Good Samaritan School Library Good Samaritan School Library Medical Diagnostics 08/08/2018 1 DIL610 DIL15090 08/08/2018 08/08/2018 08/08/2018 BOOK

Powered by Koha